|
|
|
|
| LEADER |
00000nam a2200000 i 4500 |
| 001 |
1/86283 |
| 008 |
080523s2002 gre d |
| 020 |
|
|
|a 960-7378-34-2
|
| 035 |
|
|
|l 10097620
|
| 040 |
|
|
|a GR-MY-UA
|b gre
|e aacr
|
| 041 |
0 |
|
|a gre
|
| 082 |
0 |
|
|a 796.0691
|2 (22)
|
| 100 |
1 |
|
|a Γιαννόπουλος, Κωνσταντίνος Θ.,
|d 1966-
|
| 245 |
1 |
0 |
|a Αθλητική χορηγία /
|c Κωνσταντίνος Θ. Γιαννόπουλος
|
| 260 |
|
|
|a [Αθήνα] :
|b Αθλότυπο,
|c 2002
|
| 300 |
|
|
|a 123 σ.;
|c 24 εκ.
|
| 504 |
|
|
|a Βιβλιογραφία: σ. [121]-123
|
| 650 |
0 |
0 |
|a Sports sponsorship.
|
| 650 |
0 |
0 |
|a Sports administration.
|
| 852 |
|
|
|a INST
|b LESVOS
|e 20080523
|h 796.0691 ΓΙΑ
|p 005100039787
|q 005100039787
|t BK
|y 0
|
| 901 |
|
|
|a BIBL1-2008-2
|
| 909 |
|
|
|a Λ
|b 142216
|
| 922 |
|
|
|a 1ΕΛΗ
|b 200711
|c ΕΠΕΑΕΚ2/ΤΚ
|d Σ. ΠΑΤΑΚΗΣ
|
| 970 |
|
|
|a ΚΑΡΑ
|b ΓΙΑΣΕΜΗ
|z 2008/05/23
|